Indian Society : (Record no. 103685)

MARC details
000 -LEADER
fixed length control field 00601nam a22001817a 4500
005 - DATE AND TIME OF LATEST TRANSACTION
control field 20160927150248.0
010 ## - LCCN (DPL NO)
LC control number ENG-116115
020 ## - INTERNATIONAL STANDARD BOOK NUMBER
International Standard Book Number 9788192349527
Terms of availability 450.00
035 ## - SYSTEM CONTROL NUMBER
System control number EN-99468
037 ## - SOURCE OF ACQUISITION
Source of stock number/acquisition DBAD/PUB
082 ## - DEWEY DECIMAL CLASSIFICATION NUMBER
Classification number 301.0954
100 ## - MAIN ENTRY--PERSONAL NAME
Personal name Pandey,Vinita
245 ## - TITLE STATEMENT
Title Indian Society :
Remainder of title issues,policies and walfare schemes /
Statement of responsibility, etc by Vinita Pandey
260 ## - PUBLICATION, DISTRIBUTION, ETC. (IMPRINT)
Place of publication, distribution, etc Hydrabad
Name of publisher, distributor, etc BSC Publishers & Distributtors
Date of publication, distribution, etc 2016
270 ## - ADDRESS
Address K.D. House,3-5-121/E/1/16,Near Shalimar Fauntion Hall
City Hydrabad
Postal code 500001
300 ## - PHYSICAL DESCRIPTION
Extent various pagings
Dimensions 24cm(pbk)
942 ## - ADDED ENTRY ELEMENTS (KOHA)
Source of classification or shelving scheme Dewey Decimal Classification
Item type English Books
Classification part 301.0954
Call number suffix PAN
Holdings
Withdrawn status Lost status Not for loan Collection code Home library Current library Date acquired Source of acquisition Cost, normal purchase price Full call number Barcode Copy number Cost, replacement price Koha item type
      Non-fiction Ashok Vihar Ashok Vihar 27/09/2016 DBAD/PUB 450.00 301.0954 PAN EN-99647 1 450.00 English Books

© Delhi Public Library
Hit Counter
free hit counter